[Event "Wch Juvenil 2010 sub18"]
[Site "Porto Carras GRE"]
[Date "2010.10.29"]
[Round "10.2"]
[White "Cruz, Cristhian"]
[Black "Ter-Sahakyan, Samvel"]
[Result "0-1"]
[WhiteElo "2497"]
[BlackElo "2516"]
[PlyCount "158"]
[EventDate "2010.10.20"]
[EventType "swiss"]
[EventRounds "11"]
[EventCountry "GRE"]
[Source "lmi"]
[SourceDate "2010.10.20"]

1. d4 d5 2. c4 c6 3. Nf3 Nf6 4. Nc3 e6 5. Bg5 h6 6. Bh4 dxc4 7. e4 g5 8. Bg3 b5
9. Be2 Bb7 10. h4 g4 11. Ne5 Rg8 12. Bxg4 Nbd7 13. Bh5 Nxe5 14. Bxe5 Nxh5 15.
Qxh5 Rxg2 16. d5 cxd5 17. O-O-O Qb6 18. Bd4 Bc5 19. exd5 Bxd4 20. dxe6 O-O-O
21. e7 Re8 22. Qf5+ Qe6 23. Qxe6+ fxe6 24. Rxd4 a6 25. a4 bxa4 26. Rxc4+ Kb8
27. Re1 Rxe7 28. Re2 Rf7 29. Nxa4 Rfxf2 30. Rxf2 Rxf2 31. Nc5 Bc8 32. Rg4 Rh2
33. b4 e5 34. Rg8 Kc7 35. Rg7+ Kb6 36. Rg6+ Kb5 37. Rxh6 a5 38. Rh5 axb4 39.
Rxe5 Kc4 40. Ne4 Kd4 41. Re8 Bf5 42. Nd2 Kc3 43. Re3+ Bd3 44. Nb1+ Kd4 45. Re1
Rc2+ 46. Kd1 Ra2 47. Kc1 b3 48. Rg1 Be2 49. Na3 Rxa3 50. Kb2 Ra8 51. Kxb3 Bc4+
52. Kc2 Ra2+ 53. Kb1 Rh2 54. Rc1 Ba2+ 55. Ka1 Bd5 56. h5 Bc4 57. h6 Rxh6 58.
Rc2 Bb3 59. Rc1 Rh2 60. Kb1 Bc4 61. Ka1 Kc5 62. Rc3 Kb4 63. Re3 Rd2 64. Re1 Ka3
65. Kb1 Kb3 66. Kc1 Kc3 67. Re3+ Bd3 68. Re8 Ra2 69. Rc8+ Bc4 70. Rb8 Ra7 71.
Rb6 Rf7 72. Rd6 Rh7 73. Rd2 Rh1+ 74. Rd1 Rh2 75. Rd8 Rf2 76. Rd6 Ra2 77. Rb6
Rc2+ 78. Kb1 Rf2 79. Ka1 Rf5 0-1

[Event "Wch Juvenil 2010 sub18"]
[Site "Porto Carras GRE"]
[Date "2010.10.29"]
[Round "10.4"]
[White "Kanarek, Marcel"]
[Black "Danilenko, Dmitriy"]
[Result "1/2-1/2"]
[WhiteElo "2401"]
[BlackElo "2307"]
[PlyCount "68"]
[EventDate "2010.10.20"]
[EventType "swiss"]
[EventRounds "11"]
[EventCountry "GRE"]
[Source "lmi"]
[SourceDate "2010.10.20"]

1. e4 Nf6 2. e5 Nd5 3. d4 d6 4. Nf3 dxe5 5. Nxe5 c6 6. Be2 Bf5 7. O-O Nd7 8.
Nf3 e6 9. c4 N5f6 10. Nc3 Bd6 11. Re1 O-O 12. Nh4 Bg6 13. Nxg6 hxg6 14. Bf3 e5
15. d5 Qc7 16. g3 Rfe8 17. a3 Nb6 18. dxc6 bxc6 19. b3 Bc5 20. Bb2 Rad8 21. Qc2
Bd4 22. c5 Nbd7 23. b4 Nf8 24. b5 e4 25. Nxe4 Nxe4 26. Rxe4 Rxe4 27. Bxe4 Bxb2
28. Qxb2 cxb5 29. Rc1 a6 30. a4 Ne6 31. axb5 axb5 32. c6 Nd4 33. Rd1 Nxc6 34.
Rxd8+ Nxd8 1/2-1/2

[Event "Wch Juvenil 2010 sub18"]
[Site "Porto Carras GRE"]
[Date "2010.10.29"]
[Round "10.5"]
[White "Sethuraman, S P."]
[Black "Mammadov, Ayaz Arzu"]
[Result "1/2-1/2"]
[WhiteElo "2535"]
[BlackElo "2358"]
[PlyCount "120"]
[EventDate "2010.10.20"]
[EventType "swiss"]
[EventRounds "11"]
[EventCountry "GRE"]
[Source "lmi"]
[SourceDate "2010.10.20"]

1. d4 d5 2. c4 e6 3. Nc3 Nf6 4. Nf3 Nbd7 5. Bf4 c6 6. e3 Be7 7. h3 O-O 8. Qc2
a6 9. Rd1 b5 10. c5 b4 11. Na4 a5 12. Ne5 Nxe5 13. Nb6 Ra7 14. Bxe5 Ba6 15.
Bxa6 Rxa6 16. Qa4 Nd7 17. Qxc6 Nxb6 18. Qb5 Ra7 19. Qxb6 Qxb6 20. cxb6 Rb7 21.
Bc7 Bd8 22. Rc1 Bxc7 23. Rxc7 Rxb6 24. Kd2 f6 25. Rhc1 Rf7 26. Rc8+ Rf8 27.
R8c5 Ra6 28. Rb5 Ra7 29. Rc6 Kf7 30. Kc2 Rd8 31. Rcc5 e5 32. Kd3 Ke6 33. Rxa5
Rda8 34. Rxa7 Rxa7 35. Rb5 Rxa2 36. Rxb4 h5 37. Rb6+ Kf5 38. Rb5 Ke6 39. h4 g6
40. dxe5 fxe5 41. e4 dxe4+ 42. Kxe4 Ra4+ 43. b4 Ra2 44. Rxe5+ Kf6 45. Rg5 Rb2
46. b5 Rb4+ 47. Ke3 Rxh4 48. f4 Rh1 49. Rc5 Rb1 50. g3 Rb3+ 51. Kf2 Rb2+ 52.
Kf3 Rb3+ 53. Kg2 Rb2+ 54. Kh3 Rb1 55. Rc6+ Kf5 56. Rb6 Rh1+ 57. Kg2 Rb1 58. Kf3
Rb3+ 59. Kg2 Rb1 60. Kh2 h4 1/2-1/2

[Event "Wch Juvenil 2010 sub18"]
[Site "Porto Carras GRE"]
[Date "2010.10.29"]
[Round "10.6"]
[White "Nuri, Kambez"]
[Black "Shimanov, Aleksandr"]
[Result "0-1"]
[WhiteElo "2280"]
[BlackElo "2512"]
[PlyCount "62"]
[EventDate "2010.10.20"]
[EventType "swiss"]
[EventRounds "11"]
[EventCountry "GRE"]
[Source "lmi"]
[SourceDate "2010.10.20"]

1. e4 c6 2. d4 d5 3. e5 Bf5 4. Nf3 e6 5. a3 Nd7 6. c4 dxc4 7. Bxc4 Ne7 8. O-O
Nb6 9. Ba2 Ned5 10. Nc3 Be7 11. Qe2 O-O 12. Ne4 Nd7 13. b4 a5 14. b5 N7b6 15.
bxc6 bxc6 16. Bd2 Bxa3 17. Bxd5 cxd5 18. Ng3 Nc4 19. Nxf5 exf5 20. Qd3 Bb2 21.
Ra2 Qd7 22. Rb1 Rfb8 23. Qc2 a4 24. Raxb2 Rxb2 25. Rxb2 Nxb2 26. Qxb2 a3 27.
Qa2 Qb5 28. Ne1 Qc4 29. Qxc4 dxc4 30. Bc3 Rb8 31. Kf1 Rb3 0-1

[Event "Wch Juvenil 2010 sub18"]
[Site "Porto Carras GRE"]
[Date "2010.10.29"]
[Round "10.7"]
[White "Durarbeyli, Vasif"]
[Black "Idani, Pouya"]
[Result "1-0"]
[WhiteElo "2495"]
[BlackElo "2278"]
[PlyCount "127"]
[EventDate "2010.10.20"]
[EventType "swiss"]
[EventRounds "11"]
[EventCountry "GRE"]
[Source "lmi"]
[SourceDate "2010.10.20"]

1. e4 c5 2. c3 d5 3. exd5 Qxd5 4. d4 Nf6 5. Nf3 Bg4 6. Nbd2 Nc6 7. Bc4 Bxf3 8.
Qb3 Na5 9. Qb5+ Qd7 10. Nxf3 Nxc4 11. Qxc4 cxd4 12. Nxd4 e6 13. Bg5 Rc8 14. Qb3
Nd5 15. O-O-O Be7 16. Bxe7 Qxe7 17. Qb5+ Qd7 18. Rhe1 a6 19. Qxd7+ Kxd7 20. g3
Rhd8 21. Nf5 g6 22. Ne3 Kc6 23. Nc4 Rc7 24. Re4 h5 25. Rf4 Rg8 26. Ne5+ Kb6 27.
Re4 Ka7 28. Rd3 g5 29. Kb1 b5 30. h3 h4 31. gxh4 gxh4 32. Rxh4 Rg2 33. Rf3 f6
34. Nd3 e5 35. Rf5 Rd7 36. Kc1 Rg1+ 37. Kc2 Rf1 38. Re4 Rd6 39. Rf3 Rc6 40. Nb4
Nxb4+ 41. Rxb4 Re6 42. Rh4 e4 43. Rff4 Kb6 44. Kb3 f5 45. Rh5 Re5 46. Rh6+ Kb7
47. Rf6 Rd5 48. Ka3 Rc5 49. Kb3 Rd5 50. Kb4 Ra1 51. R6xf5 Rxf5 52. Rxf5 Rxa2
53. Kb3 Ra1 54. h4 Re1 55. h5 e3 56. fxe3 Rxe3 57. Kb4 Re4+ 58. Kc5 Rc4+ 59.
Kd5 Rh4 60. Ke6 b4 61. cxb4 Rxb4 62. Kf7 Ka7 63. h6 Rb7+ 64. Kg6 1-0

[Event "Wch Juvenil 2010 sub18"]
[Site "Porto Carras GRE"]
[Date "2010.10.29"]
[Round "10.8"]
[White "Anwesh, Upadhyaya"]
[Black "Yilmaz, Mustafa"]
[Result "1/2-1/2"]
[WhiteElo "2420"]
[BlackElo "2482"]
[PlyCount "87"]
[EventDate "2010.10.20"]
[EventType "swiss"]
[EventRounds "11"]
[EventCountry "GRE"]
[Source "lmi"]
[SourceDate "2010.10.20"]

1. e4 c5 2. Nf3 d6 3. d4 cxd4 4. Nxd4 Nf6 5. Nc3 a6 6. Be3 e5 7. Nb3 Be7 8. Qd2
O-O 9. O-O-O Be6 10. f4 Ng4 11. g3 Nd7 12. Kb1 b5 13. f5 Bc4 14. Be2 Ndf6 15.
Bg1 b4 16. Bxc4 bxc3 17. Qxc3 Nxe4 18. Qe1 Ngf6 19. Bd3 d5 20. c4 Nd6 21. cxd5
e4 22. Bc2 Qd7 23. g4 Nxg4 24. Nc5 Qxf5 25. Nxe4 Qd7 26. Nc5 Qd8 27. Ne6 fxe6
28. Qxe6+ Rf7 29. Qxg4 Qb8 30. Bd4 Nb5 31. Bb3 Nxd4 32. Rxd4 Bd6 33. Qe6 Kf8
34. Rc1 Rf6 35. Qh3 Rh6 36. Qf5+ Kg8 37. Rdc4 Rf6 38. Qg4 Rg6 39. Qe2 Rf6 40.
Rc6 a5 41. h4 Qe8 42. Qc2 Kh8 43. Ba4 Qe5 44. Rc8+ 1/2-1/2

[Event "Wch Juvenil 2010 sub18"]
[Site "Porto Carras GRE"]
[Date "2010.10.29"]
[Round "10.10"]
[White "Jorczik, Julian"]
[Black "Belous, Vladimir"]
[Result "0-1"]
[WhiteElo "2398"]
[BlackElo "2498"]
[PlyCount "70"]
[EventDate "2010.10.20"]
[EventType "swiss"]
[EventRounds "11"]
[EventCountry "GRE"]
[Source "lmi"]
[SourceDate "2010.10.20"]

1. d4 c5 2. d5 d6 3. e4 g6 4. Nc3 Bg7 5. Be2 Nf6 6. Nf3 O-O 7. Nd2 Na6 8. O-O
Nc7 9. a4 b6 10. Re1 a6 11. Nc4 Nd7 12. Bf4 Bb7 13. Bg4 b5 14. Bxd7 bxc4 15.
Bg4 a5 16. Qd2 Rb8 17. Be2 Ba6 18. Ra2 f5 19. exf5 Rxf5 20. Bg4 Rf7 21. Ne4 c3
22. Nxc3 Bc4 23. Ra3 Rxb2 24. Ne4 Bxd5 25. Nxc5 Rxf4 26. Qxf4 dxc5 27. c4 Bf7
28. Rd1 Bd4 29. Rf3 Bxc4 30. Qc1 Rb4 31. Rc3 Be6 32. Rxc5 Bxg4 33. Rxc7 Bxf2+
34. Kxf2 Qxd1 35. Rc8+ Kg7 0-1

[Event "Wch Juvenil 2010 sub18"]
[Site "Porto Carras GRE"]
[Date "2010.10.29"]
[Round "10.11"]
[White "Alonso Rosell, Alvar"]
[Black "Lovik, Lasse Ostebo"]
[Result "1/2-1/2"]
[WhiteElo "2485"]
[BlackElo "2298"]
[PlyCount "100"]
[EventDate "2010.10.20"]
[EventType "swiss"]
[EventRounds "11"]
[EventCountry "GRE"]
[Source "lmi"]
[SourceDate "2010.10.20"]

1. d4 Nf6 2. c4 e6 3. Nc3 Bb4 4. e3 d5 5. a3 Bxc3+ 6. bxc3 c5 7. cxd5 Qxd5 8.
Nf3 O-O 9. Be2 Nc6 10. O-O b6 11. Bb2 cxd4 12. cxd4 Bb7 13. Rc1 Rac8 14. Bc4
Qd6 15. Qe2 Na5 16. Bd3 Qd5 17. Bc3 Rfd8 18. Rfd1 Ne4 19. Bb4 Rxc1 20. Rxc1 Nc6
21. Bc4 Qh5 22. Ba6 Bxa6 23. Qxa6 Qd5 24. Ne1 e5 25. f3 Nf6 26. dxe5 Nxb4 27.
axb4 Qxe5 28. Qe2 Nd5 29. Qd2 Qxe3+ 30. Qxe3 Nxe3 31. b5 Kf8 32. Rc7 Rd2 33. f4
Re2 34. g3 Nd5 35. Rc1 Rb2 36. Ra1 Rxb5 37. Rxa7 Rb3 38. Kf2 Rb2+ 39. Kf3 Rxh2
40. Nd3 f6 41. Nf2 h5 42. Rd7 Ne7 43. Rd6 b5 44. Rb6 Nf5 45. g4 hxg4+ 46. Nxg4
Rh3+ 47. Ke4 Ne7 48. Rb8+ Kf7 49. Ne3 Rh5 50. Rb7 Rc5 1/2-1/2

[Event "Wch Juvenil 2010 sub18"]
[Site "Porto Carras GRE"]
[Date "2010.10.29"]
[Round "10.12"]
[White "Massoni, Michael"]
[Black "Terry, Renato"]
[Result "1-0"]
[WhiteElo "2299"]
[BlackElo "2434"]
[PlyCount "71"]
[EventDate "2010.10.20"]
[EventType "swiss"]
[EventRounds "11"]
[EventCountry "GRE"]
[Source "lmi"]
[SourceDate "2010.10.20"]

1. e4 e6 2. d4 d5 3. Nc3 Nf6 4. e5 Nfd7 5. Nf3 c5 6. dxc5 Nc6 7. Bf4 Bxc5 8.
Bd3 f6 9. exf6 Qxf6 10. Bg3 O-O 11. O-O a6 12. Qd2 Nd4 13. Nxd4 Bxd4 14. Rae1
Nc5 15. Bd6 Nxd3 16. Qxd3 Bxc3 17. bxc3 Rf7 18. Re3 Bd7 19. Qd2 Rc8 20. f4 Rc4
21. Be5 Qf5 22. Bd4 h6 23. Re5 Qg6 24. Rf3 Ba4 25. Qe3 Rc6 26. h3 Qxc2 27. Rg3
Qd1+ 28. Kh2 Bc2 29. Rxe6 Be4 30. Re8+ Kh7 31. Rxe4 dxe4 32. Qxe4+ g6 33. Qe5
Rg7 34. Qe8 Rcc7 35. f5 g5 36. Bxg7 1-0

[Event "Wch Juvenil 2010 sub18"]
[Site "Porto Carras GRE"]
[Date "2010.10.29"]
[Round "10.13"]
[White "Kanmazalp, Ogulcan"]
[Black "Dilanyan, Grigor"]
[Result "1-0"]
[WhiteElo "2411"]
[BlackElo "2245"]
[PlyCount "67"]
[EventDate "2010.10.20"]
[EventType "swiss"]
[EventRounds "11"]
[EventCountry "GRE"]
[Source "lmi"]
[SourceDate "2010.10.20"]

1. e4 e5 2. Nf3 Nf6 3. Nxe5 d6 4. Nf3 Nxe4 5. d4 d5 6. Bd3 Be7 7. O-O Nc6 8.
Re1 Bg4 9. c4 Nf6 10. Nc3 O-O 11. cxd5 Nxd5 12. h3 Be6 13. a3 Bf6 14. Bc2 Nxc3
15. bxc3 Na5 16. Ne5 g6 17. Bh6 Bg7 18. Bxg7 Kxg7 19. Qf3 Bd5 20. Qg3 Qd6 21.
f4 Nc4 22. Bd3 Nxe5 23. fxe5 Qe6 24. Rf1 Bc4 25. Rf6 Qd5 26. Bxc4 Qxc4 27. Raf1
c5 28. e6 Qe2 29. Rxf7+ Rxf7 30. Rxf7+ Kg8 31. Qh4 h5 32. Qf6 Qe3+ 33. Kh2 Qh6
34. d5 1-0

[Event "Wch Juvenil 2010 sub18"]
[Site "Porto Carras GRE"]
[Date "2010.10.29"]
[Round "10.14"]
[White "Nuber, Blasius"]
[Black "Mazur, Stefan"]
[Result "1/2-1/2"]
[WhiteElo "2243"]
[BlackElo "2402"]
[PlyCount "95"]
[EventDate "2010.10.20"]
[EventType "swiss"]
[EventRounds "11"]
[EventCountry "GRE"]
[Source "lmi"]
[SourceDate "2010.10.20"]

1. e4 e5 2. Nf3 Nc6 3. Bc4 Nf6 4. d3 Be7 5. O-O O-O 6. Re1 d6 7. c3 Na5 8. Bb5
a6 9. Ba4 b5 10. Bc2 c5 11. Nbd2 Re8 12. Nf1 h6 13. Ng3 Bf8 14. h3 Nc6 15. d4
cxd4 16. cxd4 Bb7 17. d5 Nb4 18. Bb1 a5 19. Qe2 Rb8 20. Be3 Bc8 21. a3 Na6 22.
Bd3 Bd7 23. a4 Nc7 24. axb5 Nxb5 25. Qd2 Ra8 26. Ra2 a4 27. Rea1 Qc7 28. Rxa4
Rxa4 29. Rxa4 Nd4 30. Rc4 Nxf3+ 31. gxf3 Qb7 32. Rb4 Qa8 33. Kh2 Rb8 34. Rxb8
Qxb8 35. Qc3 Be7 36. Qa3 Bd8 37. b4 Bb6 38. b5 Bxb5 39. Bxb5 Bxe3 40. fxe3 Qxb5
41. Qxd6 Qd3 42. Qb8+ Kh7 43. Qxe5 Qd2+ 44. Kh1 Qf2 45. h4 Kg8 46. Qb8+ Kh7 47.
Qf4 Kg8 48. Qb8+ 1/2-1/2

[Event "Wch Juvenil 2010 sub18"]
[Site "Porto Carras GRE"]
[Date "2010.10.29"]
[Round "10.17"]
[White "Firat, Burak"]
[Black "Gemy, Jose Daniel"]
[Result "1/2-1/2"]
[WhiteElo "2424"]
[BlackElo "2325"]
[PlyCount "79"]
[EventDate "2010.10.20"]
[EventType "swiss"]
[EventRounds "11"]
[EventCountry "GRE"]
[Source "lmi"]
[SourceDate "2010.10.20"]

1. e4 e6 2. d4 d5 3. Nc3 Nf6 4. e5 Nfd7 5. f4 c5 6. Nf3 Nc6 7. Be3 a6 8. Qd2 b5
9. a3 Qb6 10. Be2 cxd4 11. Nxd4 Nxd4 12. Bxd4 Bc5 13. O-O-O h5 14. Bxc5 Nxc5
15. Qd4 g6 16. Bf3 Bb7 17. Kb1 O-O-O 18. a4 b4 19. a5 Qxa5 20. Na2 Kd7 21. Nxb4
Ke7 22. Nd3 Na4 23. Nc1 Bc6 24. Nb3 Qb6 25. Qxb6 Nxb6 26. Nd4 Bd7 27. Be2 a5
28. g3 Rb8 29. h3 Na4 30. Nb3 Nxb2 31. Kxb2 a4 32. Rd4 Rhc8 33. Ra1 axb3 34.
cxb3 Rc7 35. b4 Rbc8 36. Bd3 Bb5 37. Bxb5 Rc2+ 38. Kb3 R2c3+ 39. Kb2 Rc2+ 40.
Kb3 1/2-1/2

[Event "Wch Juvenil 2010 sub18"]
[Site "Porto Carras GRE"]
[Date "2010.10.29"]
[Round "10.18"]
[White "Ulziibayar, Boldbaatar"]
[Black "Dragomirescu, Robin-Alexandru"]
[Result "0-1"]
[WhiteElo "2202"]
[BlackElo "2423"]
[PlyCount "80"]
[EventDate "2010.10.20"]
[EventType "swiss"]
[EventRounds "11"]
[EventCountry "GRE"]
[Source "lmi"]
[SourceDate "2010.10.20"]

1. Nf3 Nf6 2. g3 g6 3. Bg2 Bg7 4. O-O O-O 5. d4 d6 6. Nc3 d5 7. Ne5 c6 8. Re1
Nbd7 9. f4 Qc7 10. Kh1 b5 11. Be3 Nb6 12. Bg1 b4 13. Nb1 Ne4 14. Nd2 Bf5 15.
Ndf3 a5 16. b3 Nd7 17. Nxd7 Qxd7 18. e3 h5 19. a3 c5 20. Ng5 Nxg5 21. fxg5 cxd4
22. exd4 Rac8 23. axb4 axb4 24. Ra2 Rc3 25. Re3 Rfc8 26. Rxc3 Rxc3 27. Qd2 Qc6
28. Qf4 Rxc2 29. Rxc2 Qxc2 30. Bxd5 e6 31. Bg2 Qxb3 32. h3 Qc3 33. Qb8+ Kh7 34.
g4 hxg4 35. hxg4 Bxg4 36. Qh2+ Kg8 37. Qb8+ Bf8 38. Qf4 Bf5 39. d5 e5 40. Qe3
Qxe3 0-1

[Event "Wch Juvenil 2010 sub18"]
[Site "Porto Carras GRE"]
[Date "2010.10.30"]
[Round "11.2"]
[White "Zierk, Steven C"]
[Black "Durarbeyli, Vasif"]
[Result "1-0"]
[WhiteElo "2391"]
[BlackElo "2495"]
[PlyCount "63"]
[EventDate "2010.10.20"]
[EventType "swiss"]
[EventRounds "11"]
[EventCountry "GRE"]
[Source "lmi"]
[SourceDate "2010.10.20"]

1. e4 c5 2. Nf3 a6 3. c3 d5 4. exd5 Qxd5 5. d4 Nf6 6. Be3 cxd4 7. cxd4 g6 8.
Nc3 Qa5 9. Qb3 Bg7 10. Ne5 O-O 11. Nc4 Qc7 12. Nb6 Ra7 13. d5 Bf5 14. Rc1 Qd8
15. Be2 Ng4 16. Bxg4 Bxg4 17. Qc4 f5 18. d6+ Kh8 19. Nbd5 e6 20. Nf4 Qxd6 21.
Bxa7 Nc6 22. Bc5 Qe5+ 23. Be3 g5 24. Nd3 Qf6 25. O-O f4 26. Bc5 Rc8 27. Ne4 Qg6
28. f3 Bf5 29. Qb3 Bxe4 30. fxe4 Rd8 31. Qxb7 Qxe4 32. Nf2 1-0

[Event "Wch Juvenil 2010 sub18"]
[Site "Porto Carras GRE"]
[Date "2010.10.30"]
[Round "11.4"]
[White "Danilenko, Dmitriy"]
[Black "Arribas Lopez, Angel"]
[Result "0-1"]
[WhiteElo "2307"]
[BlackElo "2454"]
[PlyCount "146"]
[EventDate "2010.10.20"]
[EventType "swiss"]
[EventRounds "11"]
[EventCountry "GRE"]
[Source "lmi"]
[SourceDate "2010.10.20"]

1. d4 Nf6 2. c4 e6 3. g3 c5 4. d5 exd5 5. cxd5 b5 6. e4 Bb7 7. Bg2 d6 8. Ne2 g6
9. O-O Bg7 10. a4 b4 11. Nd2 O-O 12. Qc2 Qe7 13. Nc4 Ba6 14. Bf4 Bxc4 15. Qxc4
Nbd7 16. Rae1 Ng4 17. Nc1 Bxb2 18. Qe2 Bc3 19. Qxg4 Bxe1 20. Rxe1 c4 21. Bf1
Rfc8 22. Be3 b3 23. Bd4 Rab8 24. Ne2 Ne5 25. Qf4 Nd3 26. Qh6 Qf8 27. Qxf8+ Kxf8
28. Rb1 b2 29. Nc3 Rb3 30. Be2 Rcb8 31. Bxd3 cxd3 32. Nd1 R8b4 33. Rxb2 Rxb2
34. Bxb2 Rxe4 35. Bc3 Rxa4 36. Kg2 Rc4 37. Kf3 Rc5 38. Ke4 a5 39. Kxd3 Rxd5+
40. Bd4 Rb5 41. Nb2 Ke7 42. Kc4 Rb4+ 43. Kc3 Ke6 44. Nc4 Rb5 45. Na3 Rb4 46.
Nc4 Kd5 47. Nb6+ Kc6 48. Nc4 Kd5 49. Nb6+ Kc6 50. Nc4 Rb5 51. Na3 Rb8 52. Nc2
a4 53. Nb4+ Kb5 54. Nc2 Ka5 55. Kc4 Rc8+ 56. Kd3 Kb5 57. Bb2 Kc5 58. Ba3+ Kd5
59. Ne3+ Ke6 60. Nc4 Rb8 61. Kc2 Kd5 62. Ne3+ Ke4 63. Bxd6 Rd8 64. Bf4 Kf3 65.
Nd1 a3 66. Nc3 Kxf2 67. Kb3 Rd3 68. Be5 Kg2 69. h4 Rxg3 70. Bxg3 Kxg3 71. Kxa3
f5 72. Kb3 f4 73. Ne4+ Kg2 0-1

[Event "Wch Juvenil 2010 sub18"]
[Site "Porto Carras GRE"]
[Date "2010.10.30"]
[Round "11.5"]
[White "Anwesh, Upadhyaya"]
[Black "Sethuraman, S P."]
[Result "1/2-1/2"]
[WhiteElo "2420"]
[BlackElo "2535"]
[PlyCount "46"]
[EventDate "2010.10.20"]
[EventType "swiss"]
[EventRounds "11"]
[EventCountry "GRE"]
[Source "lmi"]
[SourceDate "2010.10.20"]

1. d4 e6 2. c4 Nf6 3. g3 d5 4. Nf3 Bb4+ 5. Bd2 Be7 6. Bg2 O-O 7. O-O c6 8. Qc2
b6 9. Rd1 Nbd7 10. Bf4 Bb7 11. Ne5 Nxe5 12. dxe5 Nd7 13. cxd5 cxd5 14. e4 d4
15. Rxd4 Bc5 16. Rd1 g5 17. Bc1 Qe7 18. Nd2 Nxe5 19. Nb3 Rad8 20. Nxc5 Qxc5 21.
Qe2 Qc4 22. Qxc4 Rxd1+ 23. Qf1 Rxf1+ 1/2-1/2

[Event "Wch Juvenil 2010 sub18"]
[Site "Porto Carras GRE"]
[Date "2010.10.30"]
[Round "11.6"]
[White "Belous, Vladimir"]
[Black "Iljiushenok, Ilia"]
[Result "1/2-1/2"]
[WhiteElo "2498"]
[BlackElo "2412"]
[PlyCount "48"]
[EventDate "2010.10.20"]
[EventType "swiss"]
[EventRounds "11"]
[EventCountry "GRE"]
[Source "lmi"]
[SourceDate "2010.10.20"]

1. d4 Nf6 2. c4 e6 3. Nc3 Bb4 4. Qc2 O-O 5. e4 d5 6. e5 Ne4 7. a3 Bxc3+ 8. bxc3
c5 9. Bd3 Qa5 10. Ne2 cxd4 11. cxd5 exd5 12. f3 Nxc3 13. Nxd4 Ne4+ 14. Ke2 f5
15. e6 Nc6 16. Nxc6 bxc6 17. e7 Re8 18. Qxc6 Rxe7 19. Qxa8 Ng3+ 20. Kd1 Qc3 21.
Bd2 Qxa1+ 22. Bc1 Qc3 23. Bd2 Qa1+ 24. Bc1 Qc3 1/2-1/2

[Event "Wch Juvenil 2010 sub18"]
[Site "Porto Carras GRE"]
[Date "2010.10.30"]
[Round "11.7"]
[White "Mammadov, Ayaz Arzu"]
[Black "Cruz, Cristhian"]
[Result "0-1"]
[WhiteElo "2358"]
[BlackElo "2497"]
[PlyCount "120"]
[EventDate "2010.10.20"]
[EventType "swiss"]
[EventRounds "11"]
[EventCountry "GRE"]
[Source "lmi"]
[SourceDate "2010.10.20"]

1. e4 c5 2. Nf3 d6 3. d4 cxd4 4. Nxd4 Nf6 5. Nc3 a6 6. Be2 e5 7. Nb3 Be7 8. O-O
O-O 9. Bf3 h6 10. a4 Be6 11. Re1 Nbd7 12. Nd2 Nc5 13. Nf1 b5 14. axb5 axb5 15.
Rxa8 Qxa8 16. Nxb5 Ncxe4 17. Nxd6 Bxd6 18. Ng3 Bd5 19. Nxe4 Bxe4 20. Qxd6 Bxf3
21. gxf3 Qxf3 22. Qxe5 Re8 23. Qc3 Qg4+ 24. Kf1 Ne4 25. h3 Qf5 26. Qe3 Re6 27.
Re2 Nd2+ 28. Bxd2 Rxe3 29. Rxe3 Qxc2 30. Bc3 g5 31. Kg2 Kh7 32. Kg3 Kg6 33. Re5
f5 34. Re6+ Kh5 35. Kg2 Qd3 36. Re3 Qd5+ 37. f3 Qb3 38. Re2 Qd1 39. Rd2 Qe1 40.
Rf2 Qe6 41. Rf1 Kg6 42. Re1 Qc6 43. Kf2 h5 44. Re5 h4 45. Re2 Qc5+ 46. Kg2 Qd5
47. Kf2 Qd1 48. Re1 Qd6 49. Be5 Qc5+ 50. Kf1 Qc2 51. Re2 Qd1+ 52. Kf2 f4 53.
Re1 Qd7 54. b4 Qxh3 55. Bxf4 gxf4 56. Rg1+ Kf6 57. Rg4 Qh2+ 58. Rg2 Qg3+ 59.
Rxg3 hxg3+ 60. Kg2 Ke6 0-1

[Event "Wch Juvenil 2010 sub18"]
[Site "Porto Carras GRE"]
[Date "2010.10.30"]
[Round "11.8"]
[White "Yilmaz, Mustafa"]
[Black "Kanmazalp, Ogulcan"]
[Result "1/2-1/2"]
[WhiteElo "2482"]
[BlackElo "2411"]
[PlyCount "108"]
[EventDate "2010.10.20"]
[EventType "swiss"]
[EventRounds "11"]
[EventCountry "GRE"]
[Source "lmi"]
[SourceDate "2010.10.20"]

1. e4 e6 2. d4 d5 3. e5 c5 4. c3 Qb6 5. Nf3 Nc6 6. a3 c4 7. Nbd2 Na5 8. Be2 Bd7
9. O-O Ne7 10. Rb1 Qc7 11. Ne1 Nc8 12. Bg4 Nb6 13. f4 g6 14. Qe2 O-O-O 15. Ndf3
Be7 16. Be3 Rdf8 17. Bf2 Qd8 18. Nc2 Kb8 19. Qe1 Nb3 20. Ne3 Nc8 21. Bh3 h5 22.
Bh4 Bxh4 23. Nxh4 Ne7 24. Nf3 Nf5 25. Nc2 Ba4 26. Qf2 Na5 27. Nce1 Nc6 28. Ng5
Bb3 29. Nef3 Nce7 30. Rfe1 Qd7 31. Re2 Nh6 32. Rc1 Nef5 33. Qe1 a5 34. g3 b5
35. Bg2 Ka7 36. Nd2 Kb6 37. Bf3 Ba4 38. Rb1 Bb3 39. Rg2 Ka6 40. Nxb3 cxb3 41.
Bd1 a4 42. Be2 Ng8 43. Bd3 Nge7 44. Qe2 Nc8 45. Re1 Nb6 46. Nf3 Nc4 47. Qf2 h4
48. Kf1 hxg3 49. hxg3 Rh1+ 50. Rg1 Rfh8 51. Bxc4 dxc4 52. Rxh1 Rxh1+ 53. Ke2
Rxe1+ 54. Qxe1 Qb7 1/2-1/2

[Event "Wch Juvenil 2010 sub18"]
[Site "Porto Carras GRE"]
[Date "2010.10.30"]
[Round "11.9"]
[White "Baron, Tal"]
[Black "Priyadharshan, K."]
[Result "1/2-1/2"]
[WhiteElo "2455"]
[BlackElo "2357"]
[PlyCount "120"]
[EventDate "2010.10.20"]
[EventType "swiss"]
[EventRounds "11"]
[EventCountry "GRE"]
[Source "lmi"]
[SourceDate "2010.10.20"]

1. d4 d5 2. c4 dxc4 3. Nf3 Nf6 4. e3 e6 5. Bxc4 a6 6. O-O c5 7. Bb3 Nc6 8. Qe2
cxd4 9. Rd1 Be7 10. exd4 O-O 11. Nc3 Na5 12. Bc2 b5 13. Ne4 Bb7 14. Nc5 Bd5 15.
Ne5 Nc4 16. Ned3 Ra7 17. b3 Nd6 18. Nf4 Qa8 19. Bd2 Be4 20. Nxe4 Ndxe4 21. Be1
Rc8 22. d5 Bd6 23. Nxe6 Rxc2 24. Qxc2 fxe6 25. dxe6 Qe8 26. f3 Rc7 27. Qe2 Bc5+
28. Kh1 Ng5 29. Ba5 Rc8 30. b4 Bf8 31. Re1 Be7 32. Rac1 Nh5 33. Qe3 Rxc1 34.
Rxc1 Bf6 35. Re1 h6 36. f4 Nh7 37. e7 g6 38. Bb6 Ng7 39. Bc5 Nf5 40. Qe6+ Kg7
41. Kg1 h5 42. a3 Bh4 43. Qe5+ Bf6 44. Qe6 Bh4 45. Re2 Bf6 46. Re4 Bc3 47. Qxa6
Nf6 48. Re2 Ng8 49. Qa7 Bf6 50. a4 bxa4 51. b5 Ngxe7 52. Bxe7 Nxe7 53. b6 Qd8
54. Re1 a3 55. Kh1 Qd2 56. Rxe7+ Bxe7 57. Qxe7+ Kh6 58. Qf8+ Kh7 59. h3 a2 60.
Qf7+ Kh6 1/2-1/2

[Event "Wch Juvenil 2010 sub18"]
[Site "Porto Carras GRE"]
[Date "2010.10.30"]
[Round "11.10"]
[White "Salem, A."]
[Black "Massoni, Michael"]
[Result "1-0"]
[WhiteElo "2501"]
[BlackElo "2299"]
[PlyCount "39"]
[EventDate "2010.10.20"]
[EventType "swiss"]
[EventRounds "11"]
[EventCountry "GRE"]
[Source "lmi"]
[SourceDate "2010.10.20"]

1. d4 Nf6 2. c4 g6 3. Nf3 Bg7 4. g3 c5 5. Bg2 O-O 6. O-O d6 7. Nc3 Nc6 8. dxc5
dxc5 9. Be3 Qa5 10. Qb3 Ng4 11. Bf4 Qb4 12. h3 Nf6 13. Rfd1 Bf5 14. Ne5 Nh5 15.
Nxc6 bxc6 16. Be3 Be6 17. Bxc6 Rac8 18. Nd5 Bxd5 19. Qxb4 cxb4 20. cxd5 1-0

[Event "Wch Juvenil 2010 sub18"]
[Site "Porto Carras GRE"]
[Date "2010.10.30"]
[Round "11.12"]
[White "Radusinovic, Lazar"]
[Black "Sieciechowicz, Marcin"]
[Result "1/2-1/2"]
[WhiteElo "2257"]
[BlackElo "2443"]
[PlyCount "68"]
[EventDate "2010.10.20"]
[EventType "swiss"]
[EventRounds "11"]
[EventCountry "GRE"]
[Source "lmi"]
[SourceDate "2010.10.20"]

1. d4 Nf6 2. Nf3 e6 3. g3 c5 4. Bg2 Nc6 5. O-O Be7 6. c4 cxd4 7. Nxd4 O-O 8. e4
a6 9. Nc3 Qc7 10. b3 Nxd4 11. Qxd4 d6 12. Bb2 b6 13. Rac1 Rb8 14. Rfd1 Bb7 15.
h3 Ba8 16. Ba3 Rfd8 17. Rd2 h5 18. Qe3 h4 19. gxh4 Rbc8 20. Ne2 Qb7 21. Ng3 b5
22. c5 b4 23. cxd6 bxa3 24. Rxc8 Rxc8 25. dxe7 Qxe7 26. Qg5 Qc7 27. h5 Nh7 28.
Qe3 Nf8 29. b4 Qc3 30. Rd3 Qa1+ 31. Bf1 Bc6 32. Rxa3 Bb5 33. Kg2 Bxf1+ 34. Nxf1
e5 1/2-1/2